Horticulture : (Record no. 107)
[ view plain ]
| 000 -LEADER | |
|---|---|
| fixed length control field | 00456cam a22001574a 4500 |
| 020 ## - INTERNATIONAL STANDARD BOOK NUMBER | |
| ISBN | 013114412X |
| 050 00 - CALL NUMBER | |
| Classification number | SB318 |
| Item number | .A3 ACQ |
| 100 1# - AUTHOR | |
| Personal name | Acquaah, George. |
| 245 10 - TITLE | |
| Title | Horticulture : |
| Remainder of title | principles and practices / |
| Statement of responsibility, etc | George Acquaah. |
| 250 ## - EDITION | |
| Edition statement | 3rd ed. |
| 260 ## - PUBLICATION INFORMATION | |
| Place of publication | Upper Saddle River, N.J. : |
| Name of publisher | Pearson Prentice Hall, |
| Year of publication | c2005. |
| 300 ## - DESCRIPTION | |
| Number of Pages | xxv, 822 p. : |
| Other physical details | ill. (some col.) ; |
| Dimensions | 29 cm. |
| 500 ## - NOTES | |
| General note | INCLUDES INDEX |
| 650 #0 - SUBJECTS | |
| Topical Term | Horticulture. |
| 942 ## - ADDED ENTRY ELEMENTS (KOHA) | |
| Koha item type | Books |
| Withdrawn status | Lost status | Home library | Current library | Date acquired | Full call number | Accession Number | Koha item type |
|---|---|---|---|---|---|---|---|
| Methodist University Library Wenchi Faculty | Methodist University Library Wenchi Faculty | 12/10/2017 | SB318 .A3 ACQ | 29105 | Books |